A guide to the World Bank

This completely revised and updated second edition provides an accessible and straightforward overview of the World Bank Group's history, organization, mission, and purpose. Additionally, for those wishing to delve further into subjects of particular interest, the book guides readers to sources...

Cur síos iomlán

Đã lưu trong:
Sonraí Bibleagrafaíochta
Údar Corparáideach: World Bank
Formáid: Leabhar
Teanga:Undetermined
Foilsithe: Washington D.C. World Bank c2007
Ábhair:
Clibeanna: Cuir Clib Leis
Gan Chlibeanna, Bí ar an gcéad duine leis an taifead seo a chlibeáil!
Thư viện lưu trữ: Trung tâm Học liệu Trường Đại học Cần Thơ
LEADER 01251nam a2200217Ia 4500
001 CTU_159178
008 210402s9999 xx 000 0 und d
020 |c 19.95 
082 |a 332.1532 
082 |b W927/2007 
110 |a World Bank 
245 2 |a A guide to the World Bank 
245 0 |c World bank 
260 |a Washington D.C. 
260 |b World Bank 
260 |c c2007 
520 |a This completely revised and updated second edition provides an accessible and straightforward overview of the World Bank Group's history, organization, mission, and purpose. Additionally, for those wishing to delve further into subjects of particular interest, the book guides readers to sources containing more detailed information, including annual reports, Web sites, publications, and e-mail addresses for various departments. It also provides information on how to work for or do business with the World Bank. A good introduction for anyone interested in understanding what the World Bank Group does and how it does it, this book shows readers who want to learn more where to begin. 
650 |a Economic assistance 
650 |x Hỗ trợ kinh tế 
904 |i Trọng Hiếu 
980 |a Trung tâm Học liệu Trường Đại học Cần Thơ